00536nam a2200169Ia 4500020001500000082001500015245010800030260004300138300001500181504003600196650002900232650001800261650002300279700002000302700002600322700001800348 a086008518X a362.1 HEA- 0aHealth economics of Japan : patients , doctors, and hospitals under a universal health insurance system aTokyobUniversity of Tokyo Pressc1996 axiii, 332p aIncludes bibliography and index aMedical economicszJapan aHealthzJapan aEconomics, Medical aVogt, William B aBhattacharya, Jayanta aYosikawa, Aki